Sports Quiz

Random Sports or WWE Quiz

WWF/WWE Royal Rumble Iron Men Quiz Stats

Quiz not verified by Sporcle

Challenge
Share
Tweet
Embed
Score 0/22 Timer 10:00
0 Plays Today
Longest time in the Rumble each year % Correct
1995Shawn Michaels & 'The British Bulldog' Davey Boy Smith
93.3%
1999'Stone Cold' Steve Austin & Vince McMahon
92%
1997'Stone Cold' Steve Austin
90.1%
2002'Stone Cold' Steve Austin
90.1%
2006Rey Mysterio
87.6%
1996Triple H
84.2%
2009Triple H
84.2%
1998The Rock
83.1%
1988Bret 'The Hitman' Hart
82.4%
2001Kane
82.4%
1992'The Nature Boy' Ric Flair
82.2%
Longest time in the Rumble each year % Correct
2004Chris Benoit
81.6%
2005Chris Benoit
81.6%
2007Edge
62.4%
2003Chris Jericho
60.9%
1990'The Million Dollar Man' Ted DiBiase
54.7%
2008Batista
53.5%
1991'The Model' Rick Martel
45%
1993Bob Backlund
43.7%
1989'Mr. Perfect' Curt Hennig
41.7%
2000Test
26.6%
1994Bam Bam Bigelow
16.6%

You're not logged in!

Compare scores with friends on all Sporcle quizzes.
Sign Up with Email
OR
Log In

You Might Also Like...

Show Comments

Extras

Top Quizzes Today


Score Distribution

Your Account Isn't Verified!

In order to create a playlist on Sporcle, you need to verify the email address you used during registration. Go to your Sporcle Settings to finish the process.

Report this User

Report this user for behavior that violates our Community Guidelines.

Details: